000 00720cam a2200181 i 4500
005 20260121091243.0
008 250721s2019 jo gr 000 0 ara d
020 _a9789957161187
082 1 4 _a340
_bف ا ر
100 1 _aالفار، عبدالقادر
_eمؤلف.
245 1 2 _aالمدخل لدراسة العلوم القانونية :
_bمبادئ القانون النظريةالعامة للحق /
_cالمحامي الدكتور عبد القادر الفار.
250 _aالطبعة الثامنة عشر.
264 3 1 _aعمان :
_bدار الثقافة للنشر والتوزيع،
_c2019.
300 _a240 صفحة.
650 1 7 _aالقانون.
942 _2ddc
_cBK
999 _c141982
_d141982